Регионална библиотека "Любен Каравелов" - Русе

Плиска (Запис номер 121210)

MARC детайли
000 -Лидер
Контролно поле с фиксирана дължина 01639nam a2200385 c 4500
003 - Код на организацията, давaща контролен номер
Контролно поле BLK
005 - Дата и час на последна редакция
Контролно поле 20180420231531.0
008 - Елементи от данни с фиксирана дължина
fixed length control field 180409b bul|||||r ||||||| ||bul||
010 ## - Наследен системен номер
LC control number KNG00126832000
040 ## - Източник на каталожния запис
Идентификатор на билиотеката - собственик на записа BLK
041 ## - Код за език
Код за езика на текст/звукозапис или на отделно заглавие Български
Код за езика КДБФ Български
080 ## - УДК
Текстов определител УДК Паметници на културата на историческите периоди. Археологическите паметници. Старини
УДК код - определител по УДК 904
УДК определител (497.2-21)(036)
УДК - код + определител 904(497.2-21)(036)
100 1# - Редна дума - Автор
Автор Антонова, Вера Янкова
Авторска отговорност първи автор
R(LIN) 256246
139 ## - Редно поле
Редна дума Антонова, Вера Янкова
Авторски знак Анто - А 75
245 10 - Сведения за заглавието
Заглавие Плиска
Подзаглавни данни Водач за археол. обекти и музея
Редно поле (дума) Вера Янкова Антонова.
250 ## - Област на изданието
Сведения за изданието 4. изд.
257 ## - Страна на издаване
Страна на създаване/издаване България
260 ## - Област на издателските данни
-- София
Име на издателя, разпространителя и проч. Наука и изкуство
Година на издаване 1967
300 ## - Физическа характеристика
Страници 46 с.
Илюстрации и др. с ил.
Размери/Мащаб 18 см
380 ## - Жанр
Жанр История
500 ## - Общи забележки
Забележка Авт. не е дадена на кор. - Рез. на рус., нем. ез.
650 #4 - Допълнително описание по предмет – тема
Основно описание – тема или топоним Археологически паметници - Плиска
9 (RLIN) 257493
650 #4 - Допълнително описание по предмет – тема
Основно описание – тема или топоним Исторически паметници - Плиска
9 (RLIN) 257492
651 #4 - Допълнително описание по предмет - топоним
Географско понятие Плиска
9 (RLIN) 179376
651 #4 - Допълнително описание по предмет - топоним
Географско понятие България
9 (RLIN) 241624
653 ## - Ключова дума – ненормативна
Ключова дума Плиска
653 ## - Ключова дума – ненормативна
Ключова дума археологически паметници
653 ## - Ключова дума – ненормативна
Ключова дума исторически паметници
653 ## - Ключова дума – ненормативна
Ключова дума пътеводители
852 ## - Местоположение
Форматна сигнатура Цб І 9284
856 4# - Електронен адрес и достъп
Електронен формат pdf - файл
Път до файла /url/
856 4# - Електронен адрес и достъп
Електронен формат pdf - файл
Път до файла /url/
942 ## - АРТИКУЛИ
Вид на библиотечния материал Книги
Скрит в OPAC Не
944 ## - СЪЗДАВАНЕ И РЕДАКЦИЯ на ЗАПИСА
Създаване/Редакция Създаване
Дата на регистрацията/редакция 01.02.2012
Статус, дата на статуса 01.02.2012 - от С1,Р / 01.02.2012
Служител, извършил регистрацията/редакцията Виолета_Тройчева
944 ## - СЪЗДАВАНЕ И РЕДАКЦИЯ на ЗАПИСА
Създаване/Редакция Редакция
Дата на регистрацията/редакция 15.12.2016
Статус, дата на статуса 01.02.2012 - от С1,Р / 01.02.2012
Служител, извършил регистрацията/редакцията
999 ## - СИСТЕМНИ КОНТРОЛНИ НОМЕРА
Koha biblionumber 121210
Koha biblioitemnumber 121210
Наличности
Код за отписване Код за изгубен артикул Източник на класификационната схема Код за повреда Коз за рестрикции Код за отдаване Артикулен № Име на библиотеката - собственик Име на библиотеката, в която се намира в момента Статус (Текущо местоположение) Дата на вписване в системата Местоположение - отдел Цена в лева Инвентарен номер Систематично азбучна сигнатура Баркод Номер на екземпляра Цена в евро Служебна бележка Служебен тип на артикула
  Не е изгубен Universal Decimal Classification Не е повреден само за читалня ползва се в читалня 195872 Регионална библиотека "Любен Каравелов" Русе Регионална библиотека "Любен Каравелов" Русе Хранилище 1967-01-01 Хранилище 0.13 10641/67 Цб І 9284 900000029683 1 0.07 Дост: Dp Вид: Д N: стар фонд Дата: 01.01.1967 Книги
Изтеглен Не е изгубен Universal Decimal Classification Не е повреден без рестрикции заемане за дома 195873 Регионална библиотека "Любен Каравелов" Русе Регионална библиотека "Любен Каравелов" Русе Заемна - подръчен фонд 1967-01-01 Заемна - подръчен фонд 0.00 9351/67 П 904/А 75 9351/67 2 0.00 Дост: Pk Вид: Ф N: стар фонд Дата: 01.01.1967 Книги
Изтеглен Не е изгубен Universal Decimal Classification Не е повреден без рестрикции заемане за дома 195874 Регионална библиотека "Любен Каравелов" Русе Регионална библиотека "Любен Каравелов" Русе Заемна - подръчен фонд 1967-01-01 Заемна - подръчен фонд 0.00 9352/67 П 904/А 75 9352/67 3 0.00 Дост: Pk Вид: Ф N: стар фонд Дата: 01.01.1967 Книги
Изтеглен Не е изгубен Universal Decimal Classification Не е повреден без рестрикции заемане за дома 195875 Регионална библиотека "Любен Каравелов" Русе Регионална библиотека "Любен Каравелов" Русе Заемна - подръчен фонд 1967-01-01 Заемна - подръчен фонд 0.13 9353/67 П 904/А 75 9353/67 4 0.07 Дост: Pk Вид: Ф N: стар фонд Дата: 01.01.1967 Дата инв: 15.02.2018 Бележки инв: П2018 Книги
Vip Innovations Ltd, Rousse, Bulgaria 2025